000 01919nam a2200313 i 4500
001 768714001
003 CO-MdFUSB
005 20231005161148.0
008 230925t19891989miu||||g |||| 00| 0 spa d
020 _a0899220738
040 _aCO-MdFUSB
_bspa
_cCO-MdFUSB
_dCO-MdFUSBC
_erda
041 _aspa
082 _223
_a223.2
_bK29
100 _aKeller, W. Phillip,
_eautor
245 3 _aLa vida en el redil
_c/ W. Phillip Keller
264 1 _aMiami, Florida :
_bCaribe,
_c[1989]
264 4 _c©1989
300 _a141 páginas
_c; 18 cm.
336 _2rdacontent
_atexto
_btxt
337 _2rdamedia
_asin mediación
_bn
338 _2rdacarrier
_avolumen
_bnc
504 _aIncluye índice
505 _aJehová es mi pastor -- Nada me faltará -- En lugares de delicados pastos me hará descansar -- Junto a aguas de reposo me pastoreará -- Confortará mi alma -- Me guiará por sendas de justicia -- Aunque ande en valle de sombra de muerte -- Tu vara y tu cayado me infundirán aliento -- Aderezas mesa delante de mí -- Unges mi cabeza con aceite -- Ciertamente el bien y la misericordia me seguirá -- En la casa del señor morare por largos días.
520 _aEste libro fue desarrollado con un trasfondo bastante singular que me ha dado, tal vez, una apreciación más honda, que la que tienen otras personas, de lo que tenía en mente David cuando escribió su hermoso poema. en primer lugar, me crie y viví en África oriental, rodeado de sencillos pastores nativos cuyas costumbres se parecían mucho a las de sus contrapartes del medio oriente. así que me resulta sumamente familiares el romance, el sentimiento y la vida pintoresca de un pastor oriental. en segundo lugar, cuando joven, me gane la vida durante unos ocho años como propietario y cuidador de ovejas.
563 _aRústico
630 0 7 _aBiblia.
_pSalmos
_xCrítica, interpretación, etc.
942 _cBK
945 _asor1564
999 _c69047
_d69047